[Event "Neumarkt am Wallersee op 17th"]
[Site "Neumarkt am Wallersee"]
[Date "2019.08.28"]
[Round "4.1"]
[White "Wimmer, Herbert1111"]
[Black "Pruell, Lukas"]
[Result "1/2-1/2"]
[WhiteElo "1954"]
[BlackElo "1934"]
[PlyCount "38"]
[EventDate "2019.08.25"]
[EventType "swiss"]
[EventRounds "7"]
[EventCountry "AUT"]
[SourceTitle "EXT 2024"]
[Source "ChessBase"]
[SourceDate "2023.10.10"]
[SourceVersion "1"]
[SourceVersionDate "2023.10.10"]
[SourceQuality "1"]

1. d4 Nf6 2. Bf4 g6 3. Nc3 d5 4. e3 Bg7 5. h4 c6 6. Nf3 Qb6 7. Rb1 Bg4 8. Be2 Nbd7 9. 0-0 0-0 10. Ne5 Bxe2 11. Qxe2 Nxe5 12. Bxe5 Nd7 13. Bxg7 Kxg7 14. h5 Nf6 15. hxg6 hxg6 16. g3 Qc7 17. Kg2 Qd7 18. Rh1 Rh8 19. Qf3 Qg4 1/2-1/2

[Event "Neumarkt am Wallersee op 17th"]
[Site "Neumarkt am Wallersee"]
[Date "2019.08.27"]
[Round "3.1"]
[White "Pruell, Lukas"]
[Black "Havas, Clemens"]
[Result "1/2-1/2"]
[WhiteElo "1934"]
[BlackElo "1964"]
[PlyCount "69"]
[EventDate "2019.08.25"]
[EventType "swiss"]
[EventRounds "7"]
[EventCountry "AUT"]
[SourceTitle "EXT 2024"]
[Source "ChessBase"]
[SourceDate "2023.10.10"]
[SourceVersion "1"]
[SourceVersionDate "2023.10.10"]
[SourceQuality "1"]

1. e4 c5 2. Nf3 g6 3. Bc4 Bg7 4. 0-0 Nc6 5. c3 e5 6. Na3 Nge7 7. d4 exd4 8. cxd4 Nxd4 9. Nxd4 Bxd4 10. Nb5 Be5 11. Nd6+ Bxd6 12. Qxd6 0-0 13. Bh6 Nc6 14. Qxc5 d6 15. Qg5 Be6 16. Bxe6 fxe6 17. Qg4 Rf7 18. Qxe6 Qh4 19. Be3 Ne5 20. Rac1 Qxe4 21. Rc8+ Rxc8 22. Qxc8+ Kg7 23. Qc1 Qg4 24. Bh6+ Kg8 25. f4 Nc6 26. Re1 Qd7 27. Qc4 d5 28. Qxd5 Nd4 29. Qe4 Rf5 30. Qe8+ Qxe8 31. Rxe8+ Kf7 32. Rf8+ Ke6 33. Rxf5 Kxf5 34. Kf2 Ke4 35. g3 1/2-1/2

[Event "Oberbayern Bezirksliga 1617"]
[Site "Germany"]
[Date "2017.04.30"]
[Round "9.8"]
[White "Huber, Walter1111"]
[Black "Pruell, Lukas"]
[Result "1/2-1/2"]
[WhiteElo "1721"]
[BlackElo "1982"]
[PlyCount "80"]
[EventDate "2016.10.16"]
[EventType "team-tourn"]
[EventRounds "9"]
[EventCountry "GER"]
[SourceTitle "EXT 2019"]
[Source "ChessBase"]
[SourceDate "2018.10.10"]
[SourceVersion "1"]
[SourceVersionDate "2018.10.10"]
[SourceQuality "1"]
[WhiteTeam "Traunstein/Traunreut"]
[BlackTeam "Freilassing"]
[WhiteTeamCountry "GER"]
[BlackTeamCountry "GER"]

1. c4 Nf6 2. g3 g6 3. Bg2 Bg7 4. Nc3 0-0 5. d3 d6 6. e3 Nc6 7. Nge2 Rb8 8. a3 Re8 9. 0-0 Bf5 10. h3 h5 11. Rb1 Qc8 12. Kh2 e5 13. e4 Bd7 14. b4 Nh7 15. b5 Nd8 16. Ng1 Ne6 17. Nce2 Qd8 18. h4 Nf6 19. f3 Nh7 20. Bh3 g5 21. Bxe6 Rxe6 22. hxg5 Nxg5 23. f4 Nh7 24. f5 Re8 25. Nf3 Kh8 26. Rh1 Nf6 27. Kg2 Rg8 28. Bg5 Qf8 29. Bxf6 Bxf6 30. Rxh5+ Kg7 31. Qh1 Rh8 32. Rxh8 Qxh8 33. Qxh8+ Rxh8 34. Rh1 Rg8 35. g4 c6 36. g5 Bxg5 37. bxc6 Bxc6 38. Rh3 Bf6 39. Rg3+ Kf8 40. Rxg8+ Kxg8 1/2-1/2

[Event "Oberbayern Bezirksliga 1617"]
[Site "Germany"]
[Date "2017.01.15"]
[Round "4.8"]
[White "Wittstadt, Renato"]
[Black "Pruell, Lukas"]
[Result "1/2-1/2"]
[WhiteElo "1848"]
[BlackElo "1982"]
[PlyCount "48"]
[EventDate "2016.10.16"]
[EventType "team-tourn"]
[EventRounds "9"]
[EventCountry "GER"]
[SourceTitle "EXT 2019"]
[Source "ChessBase"]
[SourceDate "2018.10.10"]
[SourceVersion "1"]
[SourceVersionDate "2018.10.10"]
[SourceQuality "1"]
[WhiteTeam "Wolfratshausen"]
[BlackTeam "Freilassing"]
[WhiteTeamCountry "GER"]
[BlackTeamCountry "GER"]

1. Nf3 Nf6 2. c4 g6 3. Nc3 Bg7 4. e4 d6 5. d4 0-0 6. Be2 Na6 7. 0-0 e5 8. h3 exd4 9. Nxd4 Nc5 10. f3 Nh5 11. Be3 Ng3 12. Rf2 Re8 13. Qd2 f5 14. Bg5 Bf6 15. Bxf6 Qxf6 16. Nd5 Qf7 17. b4 fxe4 18. bxc5 dxc5 19. Qg5 e3 20. Rff1 Nxf1 21. Kxf1 cxd4 22. Nf6+ Kg7 23. Nxe8+ Qxe8 24. Rd1 Bf5 1/2-1/2